000 00816nam a2200241 i 4500
003 DO-SdBNP
005 20240913151528.0
007 ta
008 240913b2000 dr c|||| |||| 00| 0 spa d
040 _aDO-SdBNP
_bspa
_cBNPHU
_erda
082 4 _222
245 0 0 _aMujeres dominicanas :
_bde la sombra a la luz /
_cedición, Virgilio Alcántara
264 4 _aSanto Domingo :
_bSecretaría de Estado de la Mujer;
_bBanco Central de la República Dominicana,
_c2000.
300 _a233 página :
_bretratos ;
_c31 cm.
336 _atexto
_btxt
_2rdacontent
337 _asin mediación
_bn
_2rdamedia
338 _avolumen
_bnc
_2rdacarrier
504 _aBibliografía : páginas 230-233
590 _aInventariado, 2024/BT
700 1 _aAlcántara, Virgilio,
_eeditor
_4ed.
_96466
910 _aBtavárez
942 _2ddc
_cLBS1
999 _c57688
_d57688